Vấn đề đạo đức, lối sống của người cán bộ vùng cao trong truyện ngắn Ma Văn Kháng vấn đề miền núi /
Enregistré dans:
| Auteur principal: | |
|---|---|
| Format: | Article |
| Langue: | Vietnamese |
| Sujets: | |
| Tags: |
Ajouter un tag
Pas de tags, Soyez le premier à ajouter un tag!
|
| Thư viện lưu trữ: | Thư viện Trường Đại học Đà Lạt |
|---|
| LEADER | 00911nam a2200277 4500 | ||
|---|---|---|---|
| 001 | DLU180183677 | ||
| 005 | ##20180227 | ||
| 040 | # | # | |a DLU |b vie |
| 041 | # | # | |a vie |
| 044 | # | # | |a vn |
| 100 | # | # | |a Nguyễn Đăng Nghị. |
| 245 | # | # | |a Vấn đề đạo đức, lối sống của người cán bộ vùng cao trong truyện ngắn Ma Văn Kháng vấn đề miền núi / |c Nguyễn Đăng Nghị. |
| 653 | # | # | |a Đạo đức |
| 653 | # | # | |a Cán bộ vùng cao |
| 653 | # | # | |a Lối sống |
| 653 | # | # | |a Ma Văn Kháng |
| 653 | # | # | |a Truyện ngắn |
| 773 | # | # | |t Tạp chí Lý luận, phê bình văn học, nghệ thuật |g Số 32, 2015, tr. 77-85 |
| 920 | # | # | |a Phòng Tạp chí --Trung tâm Thông tin - Thư viện Trường Đại học Đà Lạt |
| 900 | # | # | |a True |
| 911 | # | # | |a Lê Thị Hồng |
| 925 | # | # | |a G |
| 926 | # | # | |a A |
| 927 | # | # | |a BB |
| 980 | # | # | |a Thư viện Trường Đại học Đà Lạt |